Terrorism and human rights in India (Record no. 30891)

000 -LEADER
fixed length control field 01627pab a2200181 454500
008 - FIXED-LENGTH DATA ELEMENTS--GENERAL INFORMATION
fixed length control field 180718b1995 xxu||||| |||| 00| 0 eng d
100 ## - MAIN ENTRY--PERSONAL NAME
Personal name Guha Roy, Jaytilak
245 ## - TITLE STATEMENT
Title Terrorism and human rights in India
260 ## - PUBLICATION, DISTRIBUTION, ETC.
Date of publication, distribution, etc. 1995
300 ## - PHYSICAL DESCRIPTION
Extent p.41-50
362 ## - DATES OF PUBLICATION AND/OR SEQUENTIAL DESIGNATION
Dates of publication and/or sequential designation Jul-Dec
520 ## - SUMMARY, ETC.
Summary, etc. In recent years certain countries have waged relentless propaganda war in various international forums against India for alleged violation of human rights by police and armed forces in Punjab and Kashmir although their own records of human rights are not at all satisfactory. There is no denying that violations of human rights by the state apparatus have been taking place in these two states of the Indian federation because of certain practical problems and evil necessities, so common for any democratic system of governance. Nevertheless a powerful monitoring mechanism has been evolved in India, the world's largest democracy, through judicial activism, free press and human rights bodies which provides effective checks and balance on state terrorism. Based on secondary data, public documents, case laws and available literature on the subject, this paper is a modest endeavour to highlight the genesis and growth of terrorism in India, dimensions of the violation of human rights, problems of law enforcement in dealing with terrorist groups and forces, reactions and responses of national and international bodies, official and non-official agencies.
650 ## - SUBJECT ADDED ENTRY--TOPICAL TERM
Topical term or geographic name entry element Terrorism - India
650 ## - SUBJECT ADDED ENTRY--TOPICAL TERM
Topical term or geographic name entry element Human rights - India
650 ## - SUBJECT ADDED ENTRY--TOPICAL TERM
Topical term or geographic name entry element Human rights
773 ## - HOST ITEM ENTRY
Main entry heading Indian Journal of Criminology and Criminalistics
909 ## -
-- 30891
Holdings
Withdrawn status Lost status Damaged status Not for loan Permanent Location Current Location Date acquired Serial Enumeration / chronology Barcode Date last seen Price effective from Koha item type
        Indian Institute of Public Administration Indian Institute of Public Administration 2018-07-19 Volume no: 16, Issue no: 3&4 AR31048 2018-07-19 2018-07-19 Articles

Powered by Koha